Name the Movie by Picture - Statistics

General Stats
  • This quiz has been taken 36 times
  • The average score is 29 of 65
Answer Stats
Picture Answer % Correct
Harry Potter
100%
Shrek
100%
Bambi
92%
Indiana Jones
92%
Jurassic Park/Jurassic World
88%
Frozen
81%
Home Alone
73%
Lilo and Stitch
73%
Star Wars
73%
The Chronicles of Narnia
73%
E.T.
69%
Cars
65%
Finding Nemo
65%
The Lord of the Rings
65%
Wall-E
65%
Avengers Endgame
62%
Rio
62%
Spongebob
62%
Up
62%
Garfield
58%
Percy Jackson
58%
Pokemon
58%
Sonic the Hedghog
58%
Spider Man
58%
Superman
58%
Captain America
54%
Iron Man
50%
The Lion King
50%
Transformers
50%
Guardians of the Galaxy
46%
Space Jam
46%
The Angry Birds Movie
46%
The Incredible Hulk
46%
Charlie and the Chocolate Factory/Wonka
42%
Chicken Little
42%
Fantasia
42%
Pirates of the Carribean
42%
The Incredibles
42%
The Super Mario Bros. Movie
42%
Thor
42%
A Goofy Movie
38%
A Christmas Carol
35%
The Teenage Mutant Ninja Turtles
35%
Winnie the Pooh
35%
Cinderella
31%
Gladiator
31%
Finding Dory
27%
The Bumblebee Movie
27%
Across the Spiderverse
23%
Brave
23%
Top Gun
23%
Rango
19%
The Minecraft Movie
19%
The Wizard of Oz
19%
Hercules
12%
Rudolph the Red Nosed Reindeer
12%
The Little Mermaid
12%
Frosty the Snowman
8%
Inspector Gadget
8%
Muppets
8%
The Bee Movie
8%
The Jungle Book
8%
An Ant's Life
4%
Dinosaur
4%
Ratatuoille
4%
No matching quizzes found
Score Distribution
Percent of People with Each Score
Percentile by Number Answered
Your Score History
You have not taken this quiz